<?xml version="1.0" encoding="UTF-8"?>
<collection xmlns="http://www.loc.gov/MARC21/slim">
 <record>
  <leader>02468caa a2200385   4500</leader>
  <controlfield tag="001">1778359043</controlfield>
  <controlfield tag="003">DE-627</controlfield>
  <controlfield tag="005">20240415193204.0</controlfield>
  <controlfield tag="007">cr uuu---uuuuu</controlfield>
  <controlfield tag="008">211123s2002    xx |||||o     00| ||spa c</controlfield>
  <datafield tag="024" ind1="7" ind2=" ">
   <subfield code="a">10.24310/BoLArte.2002.v0i23.4792</subfield>
   <subfield code="2">doi</subfield>
  </datafield>
  <datafield tag="035" ind1=" " ind2=" ">
   <subfield code="a">(DE-627)1778359043</subfield>
  </datafield>
  <datafield tag="035" ind1=" " ind2=" ">
   <subfield code="a">(DE-599)KXP1778359043</subfield>
  </datafield>
  <datafield tag="035" ind1=" " ind2=" ">
   <subfield code="a">(OCoLC)1295698580</subfield>
  </datafield>
  <datafield tag="040" ind1=" " ind2=" ">
   <subfield code="a">DE-627</subfield>
   <subfield code="b">ger</subfield>
   <subfield code="c">DE-627</subfield>
   <subfield code="e">rda</subfield>
  </datafield>
  <datafield tag="041" ind1=" " ind2=" ">
   <subfield code="a">spa</subfield>
  </datafield>
  <datafield tag="084" ind1=" " ind2=" ">
   <subfield code="a">KUNST</subfield>
   <subfield code="q">DE-16</subfield>
   <subfield code="2">fid</subfield>
  </datafield>
  <datafield tag="100" ind1="1" ind2=" ">
   <subfield code="a">Torres Aguilar, Francisca</subfield>
   <subfield code="e">VerfasserIn</subfield>
   <subfield code="4">aut</subfield>
  </datafield>
  <datafield tag="245" ind1="1" ind2="0">
   <subfield code="a">Algo más que un espectáculo...</subfield>
   <subfield code="b">consideraciones sobre la exposición &quot;El espectáculo está en la calle&quot;. El cartel moderno francés: Cassandre, Colin, Carlu y Loupot : Palacio Episcopal, Málaga, Febrero-Marzo 2002</subfield>
   <subfield code="c">Francisca Torres Aguilar</subfield>
  </datafield>
  <datafield tag="264" ind1=" " ind2="1">
   <subfield code="c">2002</subfield>
  </datafield>
  <datafield tag="300" ind1=" " ind2=" ">
   <subfield code="b">Illustrationen</subfield>
  </datafield>
  <datafield tag="336" ind1=" " ind2=" ">
   <subfield code="a">Text</subfield>
   <subfield code="b">txt</subfield>
   <subfield code="2">rdacontent</subfield>
  </datafield>
  <datafield tag="337" ind1=" " ind2=" ">
   <subfield code="a">Computermedien</subfield>
   <subfield code="b">c</subfield>
   <subfield code="2">rdamedia</subfield>
  </datafield>
  <datafield tag="338" ind1=" " ind2=" ">
   <subfield code="a">Online-Ressource</subfield>
   <subfield code="b">cr</subfield>
   <subfield code="2">rdacarrier</subfield>
  </datafield>
  <datafield tag="500" ind1=" " ind2=" ">
   <subfield code="a">Ausstellungsrezension</subfield>
  </datafield>
  <datafield tag="520" ind1=" " ind2=" ">
   <subfield code="a">Ciertamente, si hoy en día nuestras calles emiten una cantidad de innumerables signos y señales, medios pasivos que nos hablan desde su quietud, no dejan de sorprendernos las imágenes que nutrieron las marquesinas y muros de la misma ciudad en el pasado. Reunir estas imágenes en una sala de exposiciones puede parecer paradójico sí  tenemos en cuenta que dichos mensajes tienen una finalidad meramente efímera y abierta en el espacio urbano. Esto no ha impedido que la exposición de carteles franceses, que durante un mes se ha exhibido en la Sala de Exposiciones del Palacio Episcopal de Málaga haya sido uno de los eventos culturales más notables del año 2002.</subfield>
  </datafield>
  <datafield tag="773" ind1="0" ind2="8">
   <subfield code="i">Enthalten in</subfield>
   <subfield code="t">Boletin de arte</subfield>
   <subfield code="d">Malaga : [Verlag nicht ermittelbar], 1999</subfield>
   <subfield code="g">23(2002), Seite 722-727</subfield>
   <subfield code="w">(DE-627)805401458</subfield>
   <subfield code="w">(DE-600)2800739-6</subfield>
   <subfield code="w">(DE-576)420019847</subfield>
   <subfield code="x">2695-415X</subfield>
   <subfield code="7">nnns</subfield>
  </datafield>
  <datafield tag="773" ind1="1" ind2="8">
   <subfield code="g">volume:23</subfield>
   <subfield code="g">year:2002</subfield>
   <subfield code="g">pages:722-727</subfield>
  </datafield>
  <datafield tag="856" ind1="4" ind2="0">
   <subfield code="u">https://doi.org/10.24310/BoLArte.2002.v0i23.4792</subfield>
   <subfield code="x">Verlag</subfield>
   <subfield code="x">Resolving-System</subfield>
   <subfield code="z">kostenfrei</subfield>
   <subfield code="3">Volltext</subfield>
  </datafield>
  <datafield tag="856" ind1="4" ind2="0">
   <subfield code="u">https://revistas.uma.es/index.php/boletin-de-arte/article/view/4792</subfield>
   <subfield code="x">Verlag</subfield>
   <subfield code="z">kostenfrei</subfield>
   <subfield code="3">Volltext</subfield>
  </datafield>
  <datafield tag="951" ind1=" " ind2=" ">
   <subfield code="a">AR</subfield>
  </datafield>
  <datafield tag="994" ind1=" " ind2=" ">
   <subfield code="u">https://revistas.uma.es/index.php/boletin-de-arte/article/download/4792/4472/15946</subfield>
  </datafield>
  <datafield tag="994" ind1=" " ind2=" ">
   <subfield code="u">https://revistas.uma.es/index.php/boletin-de-arte/article/download/4792/4472/15946</subfield>
  </datafield>
  <datafield tag="991" ind1=" " ind2=" ">
   <subfield code="a">Rezension (Veranstaltung, Ausstellung)</subfield>
  </datafield>
  <datafield tag="999" ind1=" " ind2=" ">
   <subfield code="a">KXP-PPN1778359043</subfield>
   <subfield code="e">4016953693</subfield>
  </datafield>
 </record>
</collection>
